| 000 | 00732naa a2200241 i 4500 | ||
|---|---|---|---|
| 001 | 1281 | ||
| 003 | ES-MaBCM | ||
| 005 | 20241016090538.0 | ||
| 008 | 880310s1987 esp 000 0 spa d | ||
| 021 | _axx | ||
| 035 | _a(OCoLC)1365136123 | ||
| 040 | _cES-MaBCM | ||
| 041 | 0 | _aspa | |
| 043 | _aesp | ||
| 100 | 1 |
_aOliet Gil, Blas _934195 |
|
| 245 | 1 | 0 |
_aLiquidación y pago del salario _cBlas Oliet Gil |
| 520 | _aLa deuda salarial. El salario a comisión. La mora de la deuda salarial. El pago | ||
| 650 | 2 | 7 |
_aSalario _960166 |
| 651 | 2 | 4 |
_aEspaña _9115342 |
| 655 | 4 |
_aJurisprudencia comentada _959143 |
|
| 773 | 0 |
_aEn: _tDocumentación laboral _dMadrid : 1987 _w104392 _gnº monográfico, octubre ; p. 123-162 |
|
| 942 | _cAREV | ||
| 999 |
_c1281 _d1281 |
||